Petite fleur de Mandchourie / (Record no. 3672)
[ view plain ]
| 000 -LEADER | |
|---|---|
| fixed length control field | 02859nam a22002417a 4500 |
| 001 - CONTROL NUMBER | |
| control field | 3672 |
| 003 - CONTROL NUMBER IDENTIFIER | |
| control field | FISKH |
| 005 - DATE AND TIME OF LATEST TRANSACTION | |
| control field | 20240408132837.0 |
| 008 - FIXED-LENGTH DATA ELEMENTS--GENERAL INFORMATION | |
| fixed length control field | 240408b cb ||||| |||| 00| 0 fre d |
| 010 ## - LIBRARY OF CONGRESS CONTROL NUMBER | |
| LC control number | 978-2-84563-448-0 |
| NUCMC control number | br. |
| 020 ## - INTERNATIONAL STANDARD BOOK NUMBER | |
| International Standard Book Number | 9782845634480 |
| 040 ## - CATALOGING SOURCE | |
| Original cataloging agency | FISKH |
| Language of cataloging | eng |
| Transcribing agency | FISKH |
| Modifying agency | FISKH |
| 082 ## - DEWEY DECIMAL CLASSIFICATION NUMBER | |
| Classification number | 325.21 |
| 100 ## - MAIN ENTRY--PERSONAL NAME | |
| Personal name | 20100423d2010 m y0frey50 ba |
| 245 ## - TITLE STATEMENT | |
| Title | Petite fleur de Mandchourie / |
| Statement of responsibility, etc. | Xu Ge Fei |
| 260 ## - PUBLICATION, DISTRIBUTION, ETC. | |
| Place of publication, distribution, etc. | Paris |
| Name of publisher, distributor, etc. | XO Editions, |
| Date of publication, distribution, etc. | 2010 |
| 300 ## - PHYSICAL DESCRIPTION | |
| Extent | 375 pages : |
| Other physical details | color illustrations, maps ; |
| Dimensions | 25 cm |
| 500 ## - GENERAL NOTE | |
| General note | Personal note written in on cover page with date. |
| 520 ## - SUMMARY, ETC. | |
| Summary, etc. | The meteoric journey of a young Chinese woman: born in a communist camp into a family shattered by the Cultural Revolution, she forged an incredible destiny for herself through the sheer force of her astonishing will.<br/><br/>Learning English by listening to the radio, French by watching films and life by traveling, Fei recounts her surprising journey from Manchuria to France. With humor and lucidity, she delivers an original point of view on a China in full mutation.<br/>A unique, endearing and colorful personality.<br/>A stunning story.<br/><br/><br/>One evening in 2007, in one of the tall towers of Shanghai, Fei, 27, saw a strange apparition in his office. A little black pig, its right eye surrounded by a pink spot, looks at her, sitting on its tiny behind. Panic. She seems to be the only one to see him. Could she be suffering from a brain disease? Would these hallucinations sound the death knell for his short existence? This is Fei's opportunity to tell us about his astonishing destiny...<br/>The second-born of a family deposed by the Cultural Revolution, Fei is declared a false date of birth by her mother to avoid the fine linked to the one-child law. Extremely poor, his parents are nevertheless devoted to their children, and even more than devoted as the future will reveal since one day they will sell all their possessions, from the apartment to the jewelry, so that Fei can leave China.<br/>While his brother receives his education from their grandfather, Fei is not allowed to listen to the lessons. To be thus rejected from knowledge because she is a girl and “does not count” awakens in her a deep feeling of injustice. Fei vows very early on to give little girls like her all the books that are forbidden to them at home.<br/>The opening of the country to the capitalist world decided by the Communist Party in the early 1980s created a China that was developing at full speed. To the great incomprehension of her family and sometimes at the risk of her life, Fei rejects the clear path offered to her, the kind civil servant husband, and sets out alone, at 19, on the steep paths that will one day lead her in Paris. |
| 700 ## - ADDED ENTRY--PERSONAL NAME | |
| Materials specified | 16207981 |
| Arranged statement for music | ISNI0000000080676190 |
| Personal name | Xu |
| Numeration | Ge Fei |
| Date of a work | 1979-.... |
| Relationship | 070 |
| 930 ## - EQUIVALENCE OR CROSS-REFERENCE-UNIFORM TITLE HEADING [LOCAL, CANADA] | |
| Uniform title | 2010-86435 |
| Date of treaty signing | O |
| 942 ## - ADDED ENTRY ELEMENTS (KOHA) | |
| Source of classification or shelving scheme | Dewey Decimal Classification |
| Koha item type | Books |
| Suppress in OPAC | No |
| Withdrawn status | Lost status | Source of classification or shelving scheme | Damaged status | Not for loan | Collection | Home library | Current library | Shelving location | Date acquired | Total Checkouts | Full call number | Barcode | Date last seen | Price effective from | Koha item type |
|---|---|---|---|---|---|---|---|---|---|---|---|---|---|---|---|
| Dewey Decimal Classification | Non-Fiction | Footprints International School Library Network Toul Kork Campus | Footprints International School Library Network Toul Kork Campus | TK Floor 4 Rear Hallway Shelf 1 (Adult/Secondary Foriegn Language/Khmer) | 04/08/2024 | FEI 325.21 | 2024-0475 | 04/08/2024 | 04/08/2024 | Books |
